| 000 | 00651cab a2200229 4500 | ||
|---|---|---|---|
| 001 | WB3409-44 | ||
| 008 | 090401t1998 xxu||||| |||| 00| 0 eng d | ||
| 035 | _a(Sirsi) u84650 | ||
| 041 | _aeng | ||
| 245 | _aQSs axe fee scale | ||
| 260 | _c1998 | ||
| 350 | _a0 | ||
| 490 |
_aBuilding _v268(8028) 27 February 1998, 10(1) |
||
| 520 | _aThe RICS QS division is to abolish its fee scales as they are seen as outdated. | ||
| 650 | _aABOLITION | ||
| 650 | _aFEE SCALES | ||
| 650 | _aBUILT ENVIRONMENT-QUANTITY SURVEYING | ||
| 650 | _aRICS | ||
| 690 | _aMANAGEMENT-BUSINESS MANAGEMENT-PROFESSIONAL PRACTICE | ||
| 942 | _n0 | ||
| 948 | _c04/03/1998 | ||
| 999 |
_c53220 _d53220 |
||